A més : revista del Consell Comarcal de l'Anoia revista del Consell Comarcal de l'Anoia
Descripción Física:
27 p. : il. col, ; 30 cm
MARC
| LEADER | 00000nam a2200000Ia 4500 | ||
|---|---|---|---|
| 001 | |||
| 008 | 160829s9999 xx 000 0 cat d | ||
| 080 | |a Revistes | ||
| 110 | 1 | |a Anoia (Catalunya). |b Consell Comarcal |9 51340 | |
| 245 | 2 | |a A més : |b revista del Consell Comarcal de l'Anoia | |
| 260 | |a Igualada : |b Consell Comarcal de l'Anoia, [2005] | ||
| 300 | |a 27 p. : |b il. col, ; |c 30 cm | ||
| 590 | |a Descripció basada en Núm. 4 (2005) | ||
| 610 | 1 | 0 | |a Anoia (Catalunya). |b Consell Comarcal |v Revistes |9 56060 |
| 651 | 0 | |a Anoia (Catalunya) |v Revistes |9 56065 | |
| 710 | 1 | |a Anoia (Catalunya). |b Consell Comarcal |9 51340 | |
| 866 | |a Núm. 4 (2005) | ||
| 901 | |a Arxiu | ||
| 942 | |n 1 | ||
| 952 | |0 0 |1 0 |4 0 |6 REVISTES |7 1 |9 55262 |a Arxiu |b Arxiu |d 2016-12-01 |l 0 |o Revistes |r 2016-12-01 00:00:00 |w 2016-12-01 |y ARXIU | ||
| 999 | |c 59135 |d 59135 | ||